| 000 | 00685nam a2200181 4500 | ||
|---|---|---|---|
| 001 | 123901 | ||
| 003 | ES-MaACL | ||
| 005 | 20230906192254.0 | ||
| 007 | t| | ||
| 008 | 070214s1973 sp r ||||1| spa d | ||
| 100 | 1 |
_aRamos Ciudad, Miguel. _995298 |
|
| 245 | 1 | 0 |
_aContestaciones a oposiciones a operadores de equipo de preparación de datos del Instituto Nacional de Previsión / _cMiguel Ramos Ciudad, Manuel Villalba Escudero. |
| 260 |
_aMadrid : _bInstituto de Ciencias Económicas, _c1973. |
||
| 300 |
_a153 p. ; _c21 cm. |
||
| 700 | 1 |
_aVillalba Escudero, Manuel. _9114947 |
|
| 710 | 0 | 0 |
_aInstituto de Ciencias Económicas ( Madrid) _94839 |
| 852 |
_aES-MaACL _jC-54045 _bR.86959 |
||
| 999 |
_c123901 _d123901 |
||